000 00486 a2200109 4500
001 ART_30648
005 20260410162003.0
008 260409a
245 1 0 _aHacia una visión histórico-anticipativa de los países del Mercosur, España y Portugal en término de una dinámica societal basada en el cambio generacional de las motivaciones de sus habitantes
100 1 _aMallmann, Carlos Alberto
773 0 _tForo económico
_g- Año V, Nº 9 (dic. 1999)
_wREV30369
999 _c31449
_d31449